Who is Heavier? - Pokémon - Statistics

General Stats
  • This quiz has been taken 47 times
  • The average score is 7 of 20
Answer Stats
Question Answer % Correct
Who is Heavier?
78%
Who is Heavier?
78%
Who is Heavier?
72%
Who is Heavier?
67%
Who is Heavier?
67%
Who is Heavier?
67%
Who is Heavier?
44%
Who is Heavier?
39%
Who is Heavier?
33%
Who is Heavier?
33%
Who is Heavier?
28%
Who is Heavier? Exactly The Same
22%
Who is Heavier?
17%
Who is Heavier?
17%
Who is Heavier?
11%
Who is Heavier?
6%
Who is Heavier? Exactly The Same
6%
Who is Heavier? Exactly The Same
0%
Who is Heavier? Exactly The Same
0%
Who is Heavier? Exactly The Same
0%
No matching quizzes found
Score Distribution
Percent of People with Each Score
Percentile by Number Answered
Your Score History
You have not taken this quiz